000 00442nam a22001817a 4500
003 MPLRDC
005 20220104114219.0
008 210129b ||||| |||| 00| 0 eng d
020 _a7-5396-0062-4
082 _a857.455 ZBC
100 _a张保忱、毕士臣
245 _a宋女奇婚案
_c
250 _a一版一刷
260 _a
_b安徽文艺出版社
_c1988
300 _b
650 _a历史小说
942 _cBK
_o857.455 ZBC
999 _c5717
_d5707